| 000 | 00894cab a2200277 4500 | ||
|---|---|---|---|
| 001 | ABS59451 | ||
| 008 | 090401t1998 xxu||||| |||| 00| 0 eng d | ||
| 035 | _a(Sirsi) u89219 | ||
| 041 | _aeng | ||
| 100 | _aLopatin, M. | ||
| 245 | _aBrowned off | ||
| 260 | _c1998 | ||
| 350 | _a0 | ||
| 490 |
_aEstates Gazette _v(9840) 3 October 1998, 92-93(2) |
||
| 520 | _aClaims that the Environment Agency is restricting greater development of brown field sites by `insisting upon such exorbitant levels of clean-up`, and thus making the whole practice too costly. | ||
| 650 | _aBROWNFIELD LAND | ||
| 650 | _aCLEAN-UP COSTS | ||
| 650 | _aCONTAMINATED LAND | ||
| 650 | _aENVIRONMENT AGENCY | ||
| 650 | _aSITE REDEVELOPMENT | ||
| 650 | _aSUSTAINABLE DEVELOPMENT | ||
| 650 | _aWASTE MANAGEMENT LICENCE | ||
| 690 | _aENVIRONMENTAL AND LAND CONSULTANCY | ||
| 942 | _n0 | ||
| 948 | _c23/10/1998 | ||
| 999 |
_c56428 _d56428 |
||